|
|
|
|
| LEADER |
00000nab a2200000 a 4500 |
| 001 |
vtls000816222 |
| 003 |
SK-MaSNL |
| 005 |
20260302151807.0 |
| 008 |
180206c2002 xo 0 slo |
| 015 |
|
|
|a SNBRB2002/12-39052
|
| 035 |
|
|
|a CLN000167877
|
| 040 |
|
|
|a SNKBUCL
|b slo
|c SNKBUCL
|e AACR2
|
| 041 |
0 |
|
|a slo
|
| 044 |
|
|
|a xo
|c SK
|
| 080 |
|
|
|a 657.35:657.63
|2 UDC-MRF-SK2
|
| 080 |
|
|
|a 657.63
|2 UDC-MRF-SK2
|
| 100 |
1 |
|
|a Oláh, Michal,
|d 1931-
|4 aut
|9 109804
|
| 245 |
1 |
0 |
|a Štandardný obraz (postup) finančného auditu účtovnej závierky
|c Michal Oláh
|
| 504 |
|
|
|a Res. franc.
|
| 650 |
0 |
7 |
|a účtovná závierka
|2 SNKPH
|9 59787
|
| 650 |
0 |
7 |
|a finančný audit
|2 SNK
|9 843770
|
| 655 |
|
7 |
|a články z novín a časopisov
|2 SNK
|9 267496
|
| 773 |
0 |
|
|x 1335-2024
|t Účtovníctvo. Audítorstvo. Daňovníctvo v teórii a praxi s prílohou
|g Roč. 10, č. 11 (2002), s. 444-447
|
| 850 |
|
|
|a Slovenská národná knižnica v Martine
|
| 852 |
|
|
|a SNK
|b KIS3GCP
|
| 958 |
|
|
|a RBX
|
| 999 |
|
|
|c 1360869
|d 1362799
|